00782nam a2200181Ia 4500003000200000005001700002008004100019050003300060100003900093245013200132260009000264300003900354504004100393650004700434650003200481650003900513650004800552020250131110244.0150126s9999 xx 000 0 und d aPHS RC 569.5.B37b.M562 2014 aMerino, Marie Francesca Therese T. 4aThe relationship of social coping behavior of battered women and their social environment /cMarie Francesca Therese T. Merino. aLas Piñas City, Philippines :bSouthville International School and Colleges,c2014. a56 pages :billustration ;c28 cm. aIncludes bibliographical references. aSocial environmentvPsychological aspects. aBattered womenvPsychology. aBattered womenvSocial conditions. aWomenvViolence againstxCoping mechanisms.